000 00826nam a2200277 i 4500
001 66760
003 ES-MaACL
005 20230906165823.0
007 t|
008 030821s2003 sp ||||0| spa d
020 _a84-322-2756-0
040 _aM-BN
_bspa
_cM-BN
080 _a821.111(73)-31"19"
100 1 _aTheroux, Paul.
_9109906
245 1 0 _aMi otra vida /
_cPaul Theroux ; traducción del inglés por Diego Friera y María José Díez.
250 _a1ª ed.
260 _aBarcelona :
_bSeix Barral,
_c2003.
300 _a571 p. ;
_c24 cm.
490 1 _aBiblioteca Formentor
700 1 _aFriera, Diego.
_952660
700 1 _aDíez, María José
_c, (traductora)
_944663
830 0 _aBiblioteca Formentor
_9180387
852 _aES-MaACL
_jL-27231
_bR.132840
999 _c66760
_d66760